Statistics for Countries In World Cup 2018

Click here to take the quiz!

General Stats

  • This quiz has been taken 35 times
  • The average score is 26 of 32

Answer Stats

HintAnswer% Correct
South AmericaArgentina
93%
South AmericaBrazil
93%
EuropeCroatia
93%
EuropeGermany
93%
Europe/HostRussia
93%
AsiaJapan
89%
North AmericaMexico
89%
EuropeSpain
89%
EuropeBelgium
86%
South AmericaColombia
86%
EuropeDenmark
86%
EuropeEngland
86%
EuropeFrance
86%
AfricaNigeria
86%
AsiaSouth Korea
86%
South AmericaUruguay
86%
EuropePortugal
82%
EuropeSwitzerland
82%
AfricaEgypt
79%
North AmericaPanama
75%
EuropePoland
75%
AsiaSaudi Arabia
75%
EuropeSweden
75%
AsiaAustralia
71%
AsiaIran
71%
South AmericaPeru
68%
AfricaSenegal
68%
AfricaTunisia
68%
North AmericaCosta Rica
64%
EuropeIceland
64%
EuropeSerbia
64%
AfricaMorocco
61%

Score Distribution

Percentile by Number Answered

Percent of People with Each Score

Your Score History

You have not taken this quiz